000 00433nam a22001697a 4500
003 BD-ChCU
005 20260428103835.0
008 260428b bg ||||| |||| 00| 0 ben d
040 _cBD-ChCU
082 _a330.18 TIE
100 _aTintner, Gerhard.
_922016
245 _aEconometrics.//
_cTintner, Gerhard.
260 _aNew York
_bJohn Wiley
_c1958
300 _axiii, 370p
650 0 _aEconomics.
_922019
942 _2ddc
_cBK
_n0
999 _c112487
_d112487